| 000 | 00448nam a2200157 a 4500 | ||
|---|---|---|---|
| 001 | 000041173 | ||
| 005 | 20201002034658.0 | ||
| 008 | 130920s2001 sp a 000 0 spa d | ||
| 020 | _a8400079329 | ||
| 040 |
_aDO-SdBNP _bspa _cBNPHU |
||
| 082 |
_axxxxx _bxxxxx |
||
| 245 | 0 | 0 | _aClaves de Flora Iberica. |
| 260 |
_aMadrid, : _bReal jardín botánico _bCSIC, _c2001. |
||
| 300 |
_av. : _bil. ; _c22 cm. |
||
| 500 | _aIncluye índice de nombre científicos | ||
| 999 |
_c40663 _d40663 |
||